Narodil sa Kristus Pán-

Reprodukcia kresby, ktorú pre Slovenský denník nakreslila rumunská maliarka

Bibliographic Details
Main Author: Justescu, Alexandrina (Author)
Format: Article
Language:Slovak
Subjects:

MARC

LEADER 00000nab a22000001a 4500
001 vtls009004189
003 SK-MaSNL
005 20260303065626.0
008 070629d19361225xo |r|p|||| |000 b|slo
015 |a SNBRRBVU1918-1938 
038 |a SNKBUCL 
038 |a SNKBUVU 
040 |a SNKBUVU  |b slo  |c SNKBUCL  |e AACR2 
041 0 |a slo 
044 |a xo  |c SK 
080 |a 75.05:741/744  |2 1997 
080 |a 741/744  |2 1997 
100 1 |a Justescu, Alexandrina  |4 aut  |9 1065952 
245 1 0 |a Narodil sa Kristus Pán-  |c Alexandrina Justescu 
520 |a Reprodukcia kresby, ktorú pre Slovenský denník nakreslila rumunská maliarka 
650 0 7 |a rumunské maliarstvo  |2 MM  |9 3123 
650 0 7 |a kresby  |2 MM  |9 30084 
655 7 |a reprodukcie výtvarných diel  |2 MM  |9 310790 
773 0 |t Slovenský denník  |g Roč. 19, č. 296 (25.12.1936), s. 1 
852 |a SNK  |b KIS3GCP 
910 |a snkrbvumm 
958 |a VY 
958 |a RO 
999 |c 1751979  |d 1753909